LDR 00920naa#a2200181#i#450# 001 RU\\bibl\120207 005 20260602152124.2 011 ## _a2500-4026 100 ## _a20230630b2023####ek#y0rusy0150####ca 101 0# _aRUS 102 ## _aRU 200 1# _aИНФОРМАЦИОННО-АНАЛИТИЧЕСКАЯ ПОДДЕРЖКА УПРАВЛЕНИЯ ОПОВЕЩЕНИЕМ НАСЕЛЕНИЯ ПРИ ЛАНДШАФТНЫХ (ПРИРОДНЫХ) ПОЖАРАХ _eЖурнальная статья 210 1# _aЖелезногорск _cФГБОУ ВО Сибирская пожарно-спасательная академия ГПС МЧС России _d2023 215 ## _a11 с. 608 ## _aЖурнальная статья _2local 675 ## _aдля оценки будущих значений, экстраполяции, предсказания. 681.518.25 _zRUS 700 #1 _aРажников _gС В 856 4# _aapbt-sibpsa.editorum.ru _u